The Last Goodbye - Billy Boyd - All Lyrics - Statistics

General Stats
  • This quiz has been taken 16 times
  • The average score is 205 of 227
Answer Stats
Answer % Correct
a
100%
and
100%
go
100%
goodbye
100%
I
100%
is
100%
last
100%
me
100%
the
100%
this
100%
to
100%
all
93%
as
93%
away
93%
brothers
93%
cannot
93%
cover
93%
day
93%
ends
93%
fallen
93%
falling
93%
farewell
93%
heard
93%
light
93%
my
93%
never
93%
night
93%
now
93%
on
93%
over
93%
road
93%
saw
93%
say
93%
sea
93%
sky
93%
snow
93%
snowflakes
93%
so
93%
takes
93%
tell
93%
that
93%
tree
93%
turn
93%
under
93%
where
93%
will
93%
wind
93%
with
93%
you
93%
at
86%
bid
86%
but
86%
by
86%
calling
86%
came
86%
comes
86%
down
86%
forget
86%
from
86%
hill
86%
home
86%
lands
86%
lead
86%
must
86%
nor
86%
regret
86%
run
86%
sigh
86%
silver
86%
through
86%
took
86%
way
86%
we
86%
who
86%
winter′s
86%
been
79%
don't
79%
has
79%
have
79%
many
79%
paths
79%
places
79%
seen
79%
sorrows
79%
very
79%
your
79%
blessing
71%
cloud
71%
shone
71%
streams
71%
then
71%
beneath
64%
hold
64%
morn
64%
stars
64%
fade
57%
memories
57%
these
57%
though
50%
fond
36%
No matching quizzes found
Score Distribution
Percent of People with Each Score
Percentile by Number Answered
Your Score History
You have not taken this quiz